| 000 | 01040nam a2200217Ii 4500 | ||
|---|---|---|---|
| 003 | JO-AjNU | ||
| 008 | 230605s9999||||xx |||||||||||||| ||und|| | ||
| 017 | _a20/1859 | ||
| 020 | _a9960-14-073-3 | ||
| 040 |
_aJO-AjNU _bara _erda _cJO-AjNU |
||
| 041 | _aara | ||
| 050 | 1 | 4 | _aHD62.15 .C3512 2000 |
| 100 | 3 |
_aتأليفكابر، ريشارد ؛ ترجمة: علي الهاشمي بن النوى رداوي ؛ راجع الترجمة: جميل عبدالله منصور الجشي, _eauthor _956659 |
|
| 245 | 0 | 0 | _aالجودة : مدخل المشاريع المتتالية : دليل عملي للأفراد والفرق والتنظيمات= A Project by Project Approach to Quality |
| 264 | 3 | 1 | _aالرياض: معهد الادارة العامة مركز البحوث، 2000 |
| 300 |
_a413ص _bيحتوي على ترجمة للمصطلحات |
||
| 336 |
_atext _btxt _2rdacontent |
||
| 337 |
_aunmediated _bn _2rdamedia |
||
| 338 |
_avolume _bnc _2rdacarrier |
||
| 650 | 4 |
_aإدارة المشروعات - ضبط الجودة _956660 |
|
| 999 |
_aA25344 _c28912 _d28912 |
||